Представление документа в формате RUSMARC

ПолеНазваниеЗначение
  Тип записи a
  Библиографический уровень m
001 Контрольный номер 2ca5de47048147f79e4ce91cf9e44c1e
005 Дата корректировки 20140527131607.8
010 Индекс ISBN __
a ISBN 978-5-7695-8179-3
101 Язык документа 0_
a Язык текста rus
102 Страна публикации __
a Страна публикации RU
200 Заглавие и сведения об ответственности 1_
a Заглавие Бухгалтерский учет
e Сведения, относящиеся к заглавию учеб. для СПО
f Первые сведения об ответственности А. И. Гомола, В. Е. Кириллов, С. В. Кириллов
205 Сведения об издании __
a Основные сведения об издании 7-е изд., испр. и доп.
210 Выходные данные 1_
c Издательство Академия
a Место издания М.
d Дата издания 2011
215 Физическое описание __
a Объем 426, [2] с.
225 Серия 2_
a Серия Среднее профессиональное образование
300 Общие примечания __
a Общие примечания гриф МО
610 Ключевые слова 0_
a Ключевые слова бухгалтерский учет
610 Ключевые слова 0_
a Ключевые слова правовые документы
610 Ключевые слова 0_
a Ключевые слова нормативные документы
610 Ключевые слова 0_
a Ключевые слова учет денежных средств
610 Ключевые слова 0_
a Ключевые слова учет долгосрочных инвестиций
610 Ключевые слова 0_
a Ключевые слова учет финансовых вложений
610 Ключевые слова 0_
a Ключевые слова учет нематериальных активов
610 Ключевые слова 0_
a Ключевые слова учет основных средств
610 Ключевые слова 0_
a Ключевые слова учет производственных запасов
610 Ключевые слова 0_
a Ключевые слова учет товаров
610 Ключевые слова 0_
a Ключевые слова учет труда
610 Ключевые слова 0_
a Ключевые слова учет заработной платы
610 Ключевые слова 0_
a Ключевые слова учет социального страхования
610 Ключевые слова 0_
a Ключевые слова учет затрат на производство
610 Ключевые слова 0_
a Ключевые слова учет расчетов по налогам
610 Ключевые слова 0_
a Ключевые слова учет финансовых результатов
610 Ключевые слова 0_
a Ключевые слова учет прибыли
610 Ключевые слова 0_
a Ключевые слова учет капитала организации
610 Ключевые слова 0_
a Ключевые слова учетная политика
610 Ключевые слова 0_
a Ключевые слова бухгалтерская финансовая отчетность
610 Ключевые слова 0_
a Ключевые слова учебник
610 Ключевые слова 0_
a Ключевые слова гриф МО
686 Индексы других классификаций __
a Классификационный индекс 65.052.9(2)2я723
2 Код системы rubbk
700 Автор _1
a Фамилия Гомола
b Имя А. И.
g Полное личное имя Александр Иванович
701 Альтернативная интеллектуальная ответственность _1
a Фамилия Кириллов
b Имя В. Е.
g Полное личное имя Валерий Евгеньевич
701 Альтернативная интеллектуальная ответственность _1
a Фамилия Кириллов
b Имя С. В.
g Полное личное имя Станислав Валерьевич
801 Источник записи _0
a Страна RU
b Организация РУК
c Дата составления 20130205
g Правила каталогизации PSBO
801 Источник записи _1
a Страна RU
b Организация РУК
c Дата составления 20130205
g Правила каталогизации PSBO
852 Данные о местонахождении __
j Шифр хранения ББК 65.052
i Авторский знак Г 64
901 Тип документа __
t Тип документа m
938 Служебная информация __
a Название организации Головной вуз
b Имя БД BOOK
c Название АИБС АИБС ИРБИС
952 Тип литературы __
b Гриф литературы для ВШ гриф МО